Las cosas del decir : Manual de análisis del discurso
Guardat en:
| Autor principal: | |
|---|---|
| Format: | Llibre |
| Idioma: | Undetermined |
| Publicat: |
Barcelona, España
Editorial Ariel
2007
|
| Matèries: | |
| Etiquetes: |
Afegir etiqueta
Sense etiquetes, Sigues el primer a etiquetar aquest registre!
|
MARC
| LEADER | 00000nam a2200000Ia 4500 | ||
|---|---|---|---|
| 008 | 170316s9999 xx 000 0 und d | ||
| 090 | |a 801 C-2.1c | ||
| 100 | |a Calsamiglia Blancafort, Helena; Tusón Valls, Amparo | ||
| 245 | |a Las cosas del decir : Manual de análisis del discurso | ||
| 260 | |a Barcelona, España | ||
| 260 | |b Editorial Ariel | ||
| 260 | |c 2007 | ||
| 300 | |a 391 páginas | ||
| 650 | |a TEORÍA LITERARIA | ||
| 650 | |a EL ANÁLISIS DEL DISCURSO | ||
| 650 | |a DISCURSON ORAL | ||
| 650 | |a DISCURSO ESCRITO | ||
| 650 | |a CONTEXTO DISCURSIVO | ||
| 650 | |a EL DISCURSO | ||
| 650 | |a RELACIONES INTERPERSONALES | ||
| 650 | |a LA CORTESÍA | ||
| 650 | |a LA MODALIZACIÓN | ||
| 650 | |a LOS GÉNEROS DISCURSIVOS | ||
| 650 | |a SECUENCIAS TEXTUALES | ||
| 650 | |a EL REGISTRO | ||
| 650 | |a PROCEDIMIENTOS RETÓRICOS | ||
| 040 | |a cru BVZT | ||
| 942 | 0 | 0 | |0 2 |
| 999 | |c 20171 |d 20171 | ||
